000 00543nam a2200193Ia 4500
005 20250508152805.0
008 008 250505s9999 xx 000 0 eng d
037 _aTextual
040 _aFEDL
_beng
_cFEDL
041 _aeng
_2eng
084 _a026, WIL
_qFEDL
100 _aWilliams Edwin E. Ed.
245 0 _aProblems and prospects of the research library
260 _aNew York, USA
_bScarecrow Press
_c1956
300 _aviii,181p.
650 _aLibrary Science
942 _cTEXL
_h026, WIL
999 _c1338775
_d1338775